00366cam a2200157ua 45000010005000000080039000050400009000440820014000531000012000672450028000792500009001072600041001163000017001576530013001746530021001872437110817n ii |||gr||||Z||||||eng cMAIN a394.269451 eAuthor.1 aFestivals of indiacby  a3rd. aNew Delhi:bNational book trust,991. a122p:c25cm. aFolklore aAssamese culture